Central Library OPAC University of Rajshahi

Urban anthropology : (Record no. 65144)

MARC details
000 -LEADER
fixed length control field 00915nam a2200289 a 4500
001 - CONTROL NUMBER
control field 65144
003 - CONTROL NUMBER IDENTIFIER
rucl marc code BD-RjUL
005 - DATE AND TIME OF LATEST TRANSACTION
control field 20211209081406.0
008 - FIXED-LENGTH DATA ELEMENTS--GENERAL INFORMATION
fixed length control field 170228s1977 njua b 001 0 eng d
020 ## - INTERNATIONAL STANDARD BOOK NUMBER
International Standard Book Number 0139394621
035 ## - SYSTEM CONTROL NUMBER
System control number (BD-RjUL)65274
040 ## - CATALOGING SOURCE
Original cataloging agency DLC
Transcribing agency DLC
Modifying agency DLC
-- BD-RjUL
Language of cataloging eng
041 ## - LANGUAGE CODE
Language code of text/sound track or separate title eng
082 00 - DEWEY DECIMAL CLASSIFICATION NUMBER
Edition number 23
Classification number 307.76
Author mark and year FOU 1977
100 1# - MAIN ENTRY--PERSONAL NAME
Personal name Fox, Richard Gabriel,
Dates associated with a name 1939-
9 (RLIN) 192949
245 10 - TITLE STATEMENT
Title Urban anthropology :
Remainder of title cities in their cultural settings /
Statement of responsibility, etc. Richard G. Fox.
260 ## - PUBLICATION, DISTRIBUTION, ETC. (IMPRINT)
Place of publication, distribution, etc. Englewood Cliffs, N.J. :
Name of publisher, distributor, etc. Prentice-Hall,
Date of publication, distribution, etc. c1977.
300 ## - PHYSICAL DESCRIPTION
Pagination xii, 176 p. :
Illustrations ill. ;
Size 23 cm.
490 0# - SERIES STATEMENT
Series statement Prentice-Hall series in anthropology
500 ## - GENERAL NOTE
General note Includes index.
504 ## - BIBLIOGRAPHY, ETC. NOTE
Bibliography, etc Bibliography: p. 163-169.
650 #0 - SUBJECT ADDED ENTRY--TOPICAL TERM
Topical term or geographic name as entry element Urban anthropology
9 (RLIN) 170297
Topical term or geographic name as entry element Cities and towns.
9 (RLIN) 170575
830 ## - SERIES ADDED ENTRY--UNIFORM TITLE
Uniform title Prentice-Hall series in anthropology
942 ## - ADDED ENTRY ELEMENTS (KOHA)
Source of classification or shelving scheme Dewey Decimal Classification
Koha item type Books
Holdings
Lost status Source of classification or shelving scheme Damaged status Not for loan Collection code Permanent Location Current Location Shelving location Date acquired Source of acquisition Cost, normal purchase price Total Checkouts Full call number Date last seen Copy number Koha item type
  Dewey Decimal Classification   Not For Loan Non-fiction Central Library, University of Rajshahi Central Library, University of Rajshahi Reading Room 05/03/1979 India int., Cal. 53.50   307.76 FOU 1977 28/02/2017 C-1 Books